Encyclopedia of Nobel Laureates All: 1901-2017/ (Record no. 178430)

MARC details
000 -LEADER
fixed length control field 00906nam a22002057a 4500
005 - DATE AND TIME OF LATEST TRANSACTION
control field 20210330171904.0
010 ## - LCCN (DPL NO)
LC control number ENG-129340
020 ## - INTERNATIONAL STANDARD BOOK NUMBER
International Standard Book Number 978-93-7787-147-5
Terms of availability 2637.00 (amazon.in)
035 ## - SYSTEM CONTROL NUMBER
System control number EN-112872
037 ## - SOURCE OF ACQUISITION
Source of stock number/acquisition DBAD/PUB
082 ## - DEWEY DECIMAL CLASSIFICATION NUMBER
Classification number 001.44
100 ## - MAIN ENTRY--PERSONAL NAME
Personal name Rajasekharan, P. T.
245 ## - TITLE STATEMENT
Title Encyclopedia of Nobel Laureates All: 1901-2017/
Statement of responsibility, etc P. T. Rajasekharan
260 ## - PUBLICATION, DISTRIBUTION, ETC. (IMPRINT)
Place of publication, distribution, etc Karnataka
Name of publisher, distributor, etc Panther Publishers Pvt.Ltd
Date of publication, distribution, etc 2017
270 ## - ADDRESS
Address 33, First Main, First Block, Koramangala Bengaluru
City Karnataka
Postal code 560034
Telephone number 91 80 25505836, 91 80 25505837
300 ## - PHYSICAL DESCRIPTION
Extent lii+620p.
Dimensions 25cm(hbk)
Other physical details Including illustrations and index.
500 ## - GENERAL NOTE
General note The book carries an Introduction by former President Dr. APJ Abdul Kalam.<br/>Prof. Ulf Larsson, a Senior Curator at the Nobel Museum in Stockholm, has provided the foreword.
700 ## - ADDED ENTRY--PERSONAL NAME
Personal name Chattopadhyay, Sulagna, Ed.
942 ## - ADDED ENTRY ELEMENTS (KOHA)
Source of classification or shelving scheme Dewey Decimal Classification
Item type English Books
Classification part 001.44
Call number suffix RAJ
Holdings
Withdrawn status Lost status Not for loan Collection code Home library Current library Date acquired Source of acquisition Cost, normal purchase price Full call number Barcode Copy number Cost, replacement price Koha item type
      Reference Central Library Central Library 30/03/2021 DBAD/PUB 2637.00 001.44 RAJ EN-112872 1 2637.00 English Books

© Delhi Public Library
Hit Counter
free hit counter